Topology and normed spaces

Uloženo v:
Podrobná bibliografie
Hlavní autor: Jameson, G. J. O (Autor)
Médium: Kniha
Jazyk:angličtina
Vydáno: Londres Chapman and Hall 1974
Edice:Chapman and Hall Mathematics Series
Témata:
Tagy: Přidat tag
Žádné tagy, Buďte první, kdo vytvoří štítek k tomuto záznamu!

MARC

LEADER 00000nam a2200000 a 4500
001 UCQ9463
003 CL-VaPUC
008 990112e19740000UK |||||||||||||||||eng|d
082 0 4 |a 514.3  |b JAM  |2 21 
100 0 |a Jameson, G. J. O  |e author  |9 424025 
245 1 0 |a Topology and normed spaces 
300 |a 408 p 
942 |c BK 
945 |d 19990112 00:00:00  |a crobeson 
260 |a Londres  |b Chapman and Hall  |c 1974 
650 0 |a Topología   |9 260092 
650 0 |a Espacios topológicos   |9 360015 
650 0 |a Análisis funcional   |9 269993 
583 |a last modification  |c 19990112 00:00:00  |k Rodrigo Vera 
490 0 |a Chapman and Hall Mathematics Series 
999 |c 278466  |d 278464 
952 |0 0  |1 0  |4 0  |6 514_300000000000000_JAM_1974  |7 0  |8 A  |9 317043  |a BIBMAT  |b BIBMAT  |d 2019-11-20  |i 1314912  |o 514.3 JAM 1974  |p 1314912  |r 2025-01-07  |w 2019-11-20  |y BK  |k MAT